Geography Quiz

Random Geography or City Quiz

Asian Capital Match Quiz Stats

 Plays Quiz Updated Aug 2, 2018

Also try: Capitals of Asia
Challenge
Share
Tweet
Embed
Score 0/49 Timer 06:00
31 Plays Today
% Correct
Tokyo
92.1%
Moscow
91.9%
Beijing
91.7%
New Delhi
90.2%
Jerusalem
89.9%
Seoul
89.7%
Singapore
89.1%
Kuwait City
87.7%
Bangkok
86.2%
Baghdad
85.8%
Ankara
85.6%
Taipei
85.4%
Pyongyang
84.6%
Manila
84.5%
Tehran
83.1%
Jakarta
81.5%
Islamabad
81.4%
Abu Dhabi
81.4%
Hanoi
80.8%
Kabul
80.7%
Damascus
80.5%
Kathmandu
78.3%
Kuala Lumpur
78.2%
Beirut
77.5%
Riyadh
76.4%
% Correct
Sri Jayawardenepura-Kotte
74.7%
Phnom Penh
74.3%
Ulaanbaatar
73%
Amman
69.9%
Doha
65.4%
Tbilisi
64.6%
Dhaka
62.8%
Malé
61.7%
Ramallah
61%
Muscat
60.7%
Vientiane
57.5%
Baku
57.3%
Sana'a
56.6%
Bandar Seri Begawan
55.6%
Astana
53.7%
Yerevan
52.4%
Dili
51.2%
Naypyidaw
49.5%
Bishkek
47.1%
Thimphu
46.9%
Tashkent
46%
Ashgabat
43.3%
Manama
43.1%
Dushanbe
35.4%

You're not logged in!

Compare scores with friends on all Sporcle quizzes.
Join for Free
OR
Log In

You Might Also Like...

Show Comments

Extras

Top Quizzes Today


Score Distribution

Your Account Isn't Verified!

In order to create a playlist on Sporcle, you need to verify the email address you used during registration. Go to your Sporcle Settings to finish the process.

Report this User

Report this user for behavior that violates our Community Guidelines.

Details: